| 000 | 01127nam a2200241Ia 4500 | ||
|---|---|---|---|
| 003 | Ost | ||
| 005 | 20260507075129.0 | ||
| 008 | 260507s9999||||xx |||||||||||||| ||und|| | ||
| 020 | _a5585119957 | ||
| 040 | _cfsecg | ||
| 041 | _aara | ||
| 082 | _a330 | ||
| 100 |
_aالسويلميين، صفاء محمود _eمؤلف |
||
| 245 | 0 |
_aالتشريعات التجارية وتشريعات الأعمال : _bلطلبة العلوم الإدارية والمالية / _c صفاء محمود السويلميين |
|
| 260 |
_aعمان: _bدار وائل للنشر والتوزيع, _c2005 |
||
| 300 |
_a408 صفحة؛ _bإيضاحات ؛ _c24 سم |
||
| 520 | _aالأحكام العامة للقانون- التشريعات والقوانين التجارية- الشركات التجارية ذات الصلة بالتشريعات التجارية- قوانين العمل والضمان الإجتماعي. | ||
| 653 | _aالأعمال الإدارية | ||
| 653 | _aالتجارة | ||
| 653 | _aالقانون التجاري | ||
| 700 |
_aالشوا، تالا مسعود _eمؤلف ثانوي |
||
| 942 | _cكتاب | ||
| 999 |
_c43194 _d43194 |
||